000 00484nam a2200181Ia 4500
005 20250317123436.0
008 008 250317s9999 xx 000 0 eng d
037 _aTextbook
040 _aFMSL
_beng
_cFMSL
041 _aeng
_2eng
084 _aB2893P K9
_qFMSL
100 _aThompson G E
_9735483
245 0 _aLinear programming
260 _aNY
_bNY, Macmillan
_c1969
300 _a716p
942 _cTB
_hB2893P K9
999 _c1251262
_d1251262